| 000 | 01812nam0a2200409 4500 | ||
|---|---|---|---|
| 001 | RU\NLR\bibl\951630 | ||
| 005 | 20210409112951.0 | ||
| 010 |
_a5-94884-003-4 _92000 |
||
| 021 |
_aRU _b2006-16723 _9826 |
||
| 035 | _a(NLR Aleph) 000939731 | ||
| 035 | _a(nilc)RSL-KNO-002863526 | ||
| 090 |
_a212188 _c212188 |
||
| 100 | _a20060413d2006 u y0rusy50 ca | ||
| 101 | 1 |
_arus _cfre |
|
| 102 | _aRU | ||
| 105 | _ay ||||||||| | ||
| 106 | _ar | ||
| 200 | 1 |
_aРим. Взгляд со стороны _eправослав. восприятие идеи первенства рим. епископа _fОливье Клеман _g[пер. с фр. протоиер. Алексия Гостева _gред. Александр Занемовец] |
|
| 210 |
_aМосква _cСкименъ _d2006 |
||
| 215 |
_a126, [1] с. _d20 |
||
| 225 | 1 | _aСерия Pax Latina | |
| 300 | _aПер. изд.: Rome autrement / Olivier Clement, Paris, 1997 | ||
| 454 | 0 |
_12001#$aRome autrement$fOlivier Clement _1700#1$3RU\NLR\AUTH\770228977$aClement$bO.$f1921-2009$gOlivier$4070 _1210##$aParis$d1997 _tRome autrement _aClement, Olivier (1921-2009) |
|
| 606 | 1 |
_aХристианство _xИстория _9892568 _3RU\NLR\auth\66323125 |
|
| 610 | 0 | _aРелигия -- Христианство -- Православие -- Религия и другие религии -- Отношение к католицизму | |
| 686 |
_aЭ372-198.75,0 _2rubbk |
||
| 686 |
_aЭ375-198.72,0 _2rubbk |
||
| 686 | _aЭ37-3 | ||
| 700 | 1 |
_4070 _7ca _8rus _aКлеман _bО. _f1921-2009 _gОливье _9228909 _3RU\NLR\AUTH\770228965 |
|
| 801 | 0 |
_aRU _bРКП _c20060413 _grcr |
|
| 801 | 1 |
_aRU _bРГБ _c20060413 |
|
| 801 | 2 |
_aRU _bNLR _c20060519 _grcr |
|
| 942 | _cBOOK | ||
| 980 | _aNB | ||